<?xml version="1.0" encoding="UTF-8"?>
<marc:record xmlns:marc="http://www.loc.gov/MARC21/slim">
   <marc:leader>00000nam a2200000 a 4500</marc:leader>
   <marc:datafield ind1="1" ind2=" " tag="100">
      <marc:subfield code="a">Noll, Ingrid</marc:subfield>
      <marc:subfield code="4">aut</marc:subfield>
      <marc:subfield code="e">Verfasser/-in</marc:subfield>
   </marc:datafield>
   <marc:datafield ind1="0" ind2="0" tag="245">
      <marc:subfield code="a">Kalt ist der Abendhauch</marc:subfield>
   </marc:datafield>
   <marc:datafield ind1=" " ind2="1" tag="264">
      <marc:subfield code="b">Zürich:Diogenes.1996.173S.</marc:subfield>
      <marc:subfield code="c">1996</marc:subfield>
   </marc:datafield>
   <marc:datafield ind1="1" ind2=" " tag="520">
      <marc:subfield code="a">Die dreiundachtzigjährige Charlotte erwartet Besuch: Hugo, ihren Schwager, für den sie zeit ihres Lebens eine Schwäche hatte. Sollten sie doch noch einen romantischen Lebensabend miteinander verbringen können? Wird, was lange währt, endlich gut? Ingrid Nolls Heldin erzählt anrührend und tragikomisch zugleich von einer weitverzweigten Familie, die es in sich hat. Nicht zufällig ist Cora, die ihren Liebhaber einst in der Toskana unter den Terrazzofliesen verschwinden ließ, Charlottes Enkelin.</marc:subfield>
   </marc:datafield>
   <marc:datafield ind1=" " ind2=" " tag="020">
      <marc:subfield code="a">9783257061154</marc:subfield>
      <marc:subfield code="9">9783257061154</marc:subfield>
   </marc:datafield>
</marc:record>
